zpět

Detail výsledku týmu

U Opata, Pardubice

Datum a čas kvízu

24 Celkem bodů Celkový počet nahraných bodů na tomto kvízu bez doplňovacích otázek.
6. Pořadí na kvízu Konečné umístění týmu na tomto kvízu.

Zaznamenané odpovědi

# Otázka Odpověď Body Výsledky
1. Minulé úterý hledali policisté... 0
2. Donald Trump přivítal v Bílém... 1
3. Americká spisovatelka Katherin... 0
4. Bývalá chlouba československéh... 1
5. Přiřaďte účastnice právě probí... 0
6. Zvíře jménem Benjamin v Orwell... 1
7. Kniha Volání divočiny se odehr... 1
8. Příběhy medvídka Pú pochází z... 1
9. O Knize džunglí jsme se v kvíz... 0
10. Lev, čarodějnice a skříň není... 0